| 000 | 00792nas a2200229 454500 | ||
|---|---|---|---|
| 001 | 20405 | ||
| 005 | 20260407193506.0 | ||
| 008 | 260407s1990####ag###########|||spa#d | ||
| 003 | AR-UNSa-BCEJYS | ||
| 040 |
_aAR-UNSa-BCEJYS _bspa _cAR-UNSa-BCEJYS |
||
| 080 |
_a341 _xDerecho internacional |
||
| 245 | 1 | 0 |
_aLaw and state _pa biannual collection of recent german contributions to these fields |
| 022 | _a0341-6151 | ||
| 264 | 1 |
_aTübingen : _bInstitute for Scientific Co-operation _c1990 |
|
| 310 | _aFrecuencia: Semestral | ||
| 942 | _cSER | ||
| 590 | _aniveau_biblio:s niveau_hierar:1 | ||
| 100 | 1 | _aInstitute for Scientific Co-operation | |
| 650 | _aDerecho | ||
| 650 | _aEstado | ||
| 856 | 4 | 1 |
_uhttps://biblioeco.unsa.edu.ar/pmb/images/revistas/Law and State.jpg _yImagen de portada _qimage/jpeg |
| 999 |
_c8541 _d8541 |
||